• 首页
  • 本馆介绍
  • 公告通知
  • 最新文献
  • 馆藏检索
  • 电子资源
  • 读者导购
  • 参考咨询
  • 我的图书馆
  • 登录
  • 详细信息显示
  • 放入我的书架
  • 预约/预借图书
  • 作者相关作品
  • 分类相关作品
  • 丛书相关作品
  • 出版社相关作品

书目信息

  • 表格格式
  • 工作单格式
  • 卡片格式
题名:
西安事变
    
 
作者: 杨中州 编著
分册:  
出版信息: 上海   上海人民出版社  1979
页数: 85页
开本: 19cm
丛书名:
单 册:
中图分类: K264.8
科图分类:
主题词: 西安事变(1936)
电子资源:
ISBN:
000 00560nam0 2200217 45
001 0179007440
005 20060727085438.26
010    @dCNY0.24
091    @a3074.509
100    @a19950725d1979 em y0chiy0121 ea
101 0  @achi
102    @aCN@b310000
105    @af z 000yy
200 10 @a西安事变@Axi an shi bian@f杨中州编著
210    @a上海@c上海人民出版社@d1979
215    @a85页@c照片@d19cm
606    @a西安事变(1936)
690    @aK264.8@v3
701  0 @a杨中州@Ayang zhong zhou@4编著
801  0 @aCN@bNLC@c20060727
905    @f1@b19237@dK264.8@e4
    
    西安事变/杨中州编著.-上海:上海人民出版社,1979
    85页:照片;19cm
    
    
    ISBN :CNY0.24
    
●
相关链接 在E读中查询图书 在五车中查询图书 在当当中查询图书 在豆瓣中查询图书


正题名:西安事变     索取号:K264.8/4         预约/预借

序号 登录号 条形码 馆藏地/架位号 状态 备注
1 0019236   000352790   第二样本阅览室/ [索取号:K264.8/4] 在馆    
2 0019237   001924065   密集书库/ [索取号:K264.8/4] 在馆    
3 0436568   204365686   密集书库/ [索取号:K264.8/4] 在馆    
4 0436569   204365695   密集书库/ [索取号:K264.8/4] 在馆    
唐山师范学院图书馆 欢迎您!
大连网信软件有限公司© 版权所有